000
00294nam a22001217a 4500
082
_a
001
_b
KUR/I
100
_a
WOLBERS MARIAN
245
_a
INSECTS
_b
THE CHILDREN'S TREASURY OF KNOWLEDGE
260
_a
HONGKONG
_b
KODANSHA
_c
1988
300
_a
110
650
_a
GENERAL KNOWLEDGE
_z
CHINA
942
_c
BK
999
_c
1910
_d
1910